000
00296nam a2200109Ia 4500
008
171211s9999 xx 000 0 und d
245
4
_a
The Complete Jewelry Making Course
245
_c
Jinks McGrath
260
_c
2007
650
_x
Hobbies
856
_u
http://down.ebook777.com/064/0764136607.pdf
999
_c
350327
_d
350327